02014nam a2200469 i 450000100060000000300080000600500170001400600190003100700150005000800410006502000270010603500230013303500240015603500250018003500220020504000310022705000250025808000110028308200150029410000230030924502450033226400490057730000690062633600310069533700330072633800430075950201140080250400290091658801250094559001590107065000270122965000110125665000250126765000130129265000190130565500270132470000490135170000460140079700190144685600620146599900170152722172FlNmELB20241216214002.0m o d | cr cnu||||||||160311s2013 cu a ob 000 0 spa d a9789591628565 (e book) a(MiAaPQ)EBC4310291 a(Au-PeEL)EBL4310291 a(CaPaEBR)ebr11138430 a(OCoLC)1105865841 aFINmELBbspaerdacFINmELB 4aLB1050.45bC659 2013 a37.0250 a372.472231 aCoca Vidal, Alina.14aUna variante metodológica para el desarrollo de la metacomprensión de textos escritos en la secundaria básica /cautora: Lic. Alina Coca Vidal ; tutores: Dr.C. Ana del Carmen Durán Castañeda, Dr.C. Alejandro Arturo Ramos Banteurt. 1aLa Habana :bEditorial Universitaria,c2013. a1 recurso en línea (viii, 204 páginas) :bgráficos, tablas atextobtxt2rdacontent/spa acomputadorabc2rdamedia/spa arecurso en líneabcr2rdacarrier/spa aTesisbDoctor en Ciencias PedagógicascUniversidad de Ciencias Pedagógicas "Frank País García"d2013. aContiene bibliografía. aDescripción basada en recurso en línea; Título de la página del título en PDF (e-libro, visto March 11, 2015). aRecurso electronico. Santa Fe, Arg. : e-libro, 2016. Disponible via World Wide Web. El acceso puede ser limitado para las bibliotecas afiliadas a e-libro. 0aReading comprehension. 0aLogic. 0aLearning strategies. 4aLectura. 4aComprensión. 4aLibros electrónicos.1 aDurán Castañeda, Ana del Carmen,etutor.1 aRamos Banteurt, Alejandro Arturo,etutor.2 ae-libro, Corp.40uhttps://elibro.net/ereader/politecnicointernacional/90785 c22172d22172